| 000 | 01090cam a2200217 4500 | ||
|---|---|---|---|
| 001 | WB@3612-658 | ||
| 008 | 041116n2004 000 0 eng u | ||
| 035 | _a(Sirsi) u127988 | ||
| 245 | _aBest value for planning | ||
| 260 | _c2004 | ||
| 490 |
_aPlanning (for the Natural and Built Environment) _v12 November 2004 1(1) |
||
| 520 | _aConsultation on proposed Best Value standards for faltering planning departments next year has been launched by the ODPM. New targets have been set for all authorities - for example; it suggests that 77 authorities that determined less than 40% of major applications in 13 weeks last year should decide 57% of such schemes in the same time in 2005-06. "Proposed planning best value performance standards for 2005-06" can be viewed at: http://www.odpm.gov.uk/stellent/groups/odpm_contro l/documents/contentservertemplate/odpm_index.hcst? n=5479&l=2. | ||
| 590 | _aWB | ||
| 590 | _aWB | ||
| 650 | _aMEASURE AND VALUE | ||
| 650 | _aBEST VALUE | ||
| 650 | _aLOCAL AUTHORITIES | ||
| 650 | _aPLANNING | ||
| 690 | _aPLANNING-PRACTICE | ||
| 942 | _n0 | ||
| 999 |
_c118305 _d118305 |
||